书目信息 |
| 题名: |
电工技术问答详解
|
|
| 作者: | 潘品英 主编 | |
| 分册: | 上册 电工基础·电机维修 | |
| 出版信息: | 北京 化学工业出版社 2013.07 |
|
| 页数: | 586页 | |
| 开本: | 21cm | |
| 丛书名: | ||
| 单 册: | ||
| 中图分类: | TM-44 , TM307-44 | |
| 科图分类: | ||
| 主题词: | 电工技术--问答 , 电机--维修--问答 , 电机 , 电机 | |
| 电子资源: | ||
| ISBN: | 978-7-122-16151-2 | |
| 000 | 01007nam0 2200289 450 | |
| 001 | 012013076235 | |
| 005 | 20170327101759.68 | |
| 010 | @a978-7-122-16151-2@dCNY58.00 | |
| 100 | @a20130722d2013 em y0chiy0110 ea | |
| 101 | 0 | @achi |
| 102 | @aCN@b110000 | |
| 105 | @aak z 000yy | |
| 106 | @ar | |
| 200 | 1 | @a电工技术问答详解@9dian gong ji shu wen da xiang jie@h上册@i电工基础·电机维修@f潘品英主编 |
| 210 | @a北京@c化学工业出版社@d2013.07 | |
| 215 | @a586页@c图@d21cm | |
| 330 | @a本书内容包括电工基础、电工仪表和各种电机的结构、运行、维护、故障、修理等共411个问题;而且特别着重收入读者特别关心的电机修理方面疑难问题的解答。 | |
| 333 | @a各行业初、中级的电工自学提高的参考资料;也宜作大中专院校电工专业或培训学习和教学的参考资料 | |
| 606 | 0 | @a电工技术@x问答 |
| 606 | 0 | @a电机@x维修@x问答 |
| 606 | 0 | @a电机 |
| 606 | 0 | @a电机 |
| 690 | @aTM-44@v5 | |
| 690 | @aTM307-44@v5 | |
| 701 | 0 | @a潘品英@9pan pin ying@4主编 |
| 801 | 0 | @aCN@b人天书店@c20130722 |
| 905 | @b982845-48@dTM-44@e93:1@f4 | |
| 电工技术问答详解.上册.电工基础·电机维修/潘品英主编.-北京:化学工业出版社,2013.07 |
| 586页:图;21cm |
| 使用对象:各行业初、中级的电工自学提高的参考资料;也宜作大中专院校电工专业或培训学习和教学的参考资料 |
| ISBN 978-7-122-16151-2:CNY58.00 |
| 本书内容包括电工基础、电工仪表和各种电机的结构、运行、维护、故障、修理等共411个问题;而且特别着重收入读者特别关心的电机修理方面疑难问题的解答。 |
| ● |
| 相关链接 |
|
|
|
|
正题名:电工技术问答详解
索取号:TM-44/93:1
 
预约/预借
| 序号 | 登录号 | 条形码 | 馆藏地/架位号 | 状态 | 备注 |
| 1 | 982845 | 209828454 | 第二样本阅览室/ [索取号:TM-44/93:1] | 在馆 | |
| 2 | 982846 | 209828463 | 第三借阅区/ [索取号:TM-44/93:1] | 在馆 | |
| 3 | 982847 | 209828472 | 第三借阅区/ [索取号:TM-44/93:1] | 在馆 | |
| 4 | 982848 | 209828481 | 密集书库-物理学院/ [索取号:TM-44/93:1] | 在馆 |